000 00671nam a2200193 i 4500
001 146468
003 ES-MaACL
005 20250710202624.0
007 t|
008 070911s1915 fr ||||1| spa d
100 1 _aToynbee, Arnold Joseph.
_9111194
245 1 4 _aLas atrocidades en Armenia
_b: el exterminio de una nación /
_cpor Arnold Joseph Toynbee ; precedido de un discurso pronunciado por Lord Bryce en la Cámara de los Lores.
260 _aParís :
_bThomas Nelson,
_c[1915?]
300 _a201 p. ;
_c19 cm.
650 4 _aCuestión armenia.
_9148452
700 1 _aBryce, James,
_d1838-1922
_932253
852 _aES-MaACL
_jG-1983
999 _c146468
_d146468